Progress in Operations Research

Salvato in:
Dettagli Bibliografici
Altri autori: Hertz, David B., Eddison, Roger T.
Natura: Libro
Lingua:inglese
Pubblicazione: New York Wiley 1964
Edizione:1. ed.
Soggetti:
Tags: Aggiungi Tag
Nessun Tag, puoi essere il primo ad aggiungerne!!

MARC

LEADER 00000nam a2200000 4500
001 c002000
005 20221220103324.2
041 0 |a eng 
044 |a US 
245 1 0 |a Progress in Operations Research  |c Edit. David B. Hertz, Roger T. Eddison 
250 |a 1. ed. 
264 1 |a New York  |b Wiley  |c 1964 
300 |a 455 s. 
610 2 0 |a analýza operačná 
610 2 0 |a priemysel 
610 2 0 |a riadenie hospodárske 
610 2 0 |a manažment 
610 2 0 |a riadenie výroby 
610 2 0 |a marketing 
610 2 0 |a simulácia stochastická 
610 2 0 |a zásoby 
610 2 0 |a distribúcia 
610 2 0 |a analýza systémov 
610 2 0 |a rozpočtovníctvo 
610 2 0 |a plánovanie 
700 1 |a Hertz, David B. 
700 1 |a Eddison, Roger T.